Nguyên lý thống kê kinh tế : Tài liệu hướng dẫn học tập

Giới thiệu cho sinh viên một số kiến thức cơ bản nhất, một số lý thuyết thống kê thường được sử dụng trong kinh tế và quản trị kinh doanh.

Đã lưu trong:
书目详细资料
主要作者: Nguyễn, Ngọc Lam
格式: 图书
语言:Undetermined
出版: Cần Thơ Nxb. Đại học Cần Thơ 2012
主题:
标签: 添加标签
没有标签, 成为第一个标记此记录!
Thư viện lưu trữ: Trung tâm Học liệu Trường Đại học Cần Thơ
LEADER 00914nam a2200217Ia 4500
001 CTU_229347
008 210402s9999 xx 000 0 und d
082 |a 330.1543 
082 |b L104 
100 |a Nguyễn, Ngọc Lam 
245 0 |a Nguyên lý thống kê kinh tế : 
245 0 |b Tài liệu hướng dẫn học tập 
245 0 |c Nguyễn Ngọc Lam (Biên soạn) 
260 |a Cần Thơ 
260 |b Nxb. Đại học Cần Thơ 
260 |c 2012 
520 |a Giới thiệu cho sinh viên một số kiến thức cơ bản nhất, một số lý thuyết thống kê thường được sử dụng trong kinh tế và quản trị kinh doanh. 
650 |a Economics,Kinh tế 
650 |x Statistical methods,Phương pháp thống kê 
910 |b nthai 
980 |a Trung tâm Học liệu Trường Đại học Cần Thơ